[Event "ODJM C 2023"]
[Site "Willingen GER"]
[Date "2023.05.28"]
[Round "1"]
[White "Steinkamp, Matthis"]
[Black "Weinberger, Maxim"]
[Result "0-1"]
[Termination "normal"]
[Board "15"]
[WhiteElo "1153"]
[BlackElo "1310"]
[WhiteClock "00:30:40"]
[BlackClock "00:57:19"]
[PlyCount "46"]
[WhiteFideId "16287622"]
[BlackFideId "16290330"]
[EventCountry "GER"]
[EventRounds "9"]
[EventType "swiss"]
[EventDate "2023.05.27"]

1. d4 {[%clk 01:30:54] [%emt 00:00:05]} 1... Nf6 {[%clk 01:30:52] [%emt
00:00:09]} 2. Nc3 {[%clk 01:31:03] [%emt 00:00:20]} 2... d5 {[%clk 01:31:04]
[%emt 00:00:19]} 3. Bf4 {[%clk 01:31:19] [%emt 00:00:13]} 3... Bf5 {[%clk
01:30:13] [%emt 00:01:21]} 4. e3 {[%clk 01:31:10] [%emt 00:00:40]} 4... e6
{[%clk 01:29:16] [%emt 00:01:28]} 5. f3 {[%clk 01:30:25] [%emt 00:01:14]} 5...
Bd6 {[%clk 01:26:57] [%emt 00:02:49]} 6. Nge2 {[%clk 01:29:57] [%emt 00:00:55]}
6... c5 {[%clk 01:25:01] [%emt 00:02:29]} 7. dxc5 {[%clk 01:25:16] [%emt
00:05:11]} 7... Bxc5 {[%clk 01:23:55] [%emt 00:01:37]} 8. Nb5 {[%clk 01:25:24]
[%emt 00:00:21]} 8... Na6 {[%clk 01:15:16] [%emt 00:09:09]} 9. g4 {[%clk
01:23:50] [%emt 00:02:03]} 9... Bg6 {[%clk 01:11:37] [%emt 00:04:10]} 10. h4
{[%clk 01:23:29] [%emt 00:00:49]} 10... h6 {[%clk 01:06:57] [%emt 00:05:11]}
11. Nec3 {[%clk 01:23:03] [%emt 00:00:53]} 11... O-O {[%clk 01:05:18] [%emt
00:02:12]} 12. g5 {[%clk 01:15:53] [%emt 00:07:39]} 12... Nh5 {[%clk 01:03:32]
[%emt 00:02:17]} 13. Bd3 {[%clk 00:59:25] [%emt 00:16:57]} 13... Nxf4 {[%clk
01:00:54] [%emt 00:03:08]} 14. exf4 {[%clk 00:58:55] [%emt 00:01:00]} 14... d4
{[%clk 01:00:50] [%emt 00:00:35]} 15. Ne2 {[%clk 00:57:26] [%emt 00:01:58]}
15... Qa5+ {[%clk 00:59:45] [%emt 00:01:36]} 16. c3 {[%clk 00:50:19] [%emt
00:07:37]} 16... dxc3 {[%clk 00:58:42] [%emt 00:01:33]} 17. Nbxc3 {[%clk
00:49:31] [%emt 00:01:17]} 17... Rad8 {[%clk 00:58:50] [%emt 00:00:23]} 18. Kf1
{[%clk 00:35:04] [%emt 00:14:56]} 18... Rxd3 {[%clk 00:58:51] [%emt 00:00:29]}
19. Qe1 {[%clk 00:33:19] [%emt 00:02:15]} 19... Rxf3+ {[%clk 00:58:40] [%emt
00:00:41]} 20. Kg2 {[%clk 00:32:19] [%emt 00:01:30]} 20... Bh5 {[%clk 00:58:22]
[%emt 00:00:48]} 21. Ne4 {[%clk 00:32:13] [%emt 00:00:35]} 21... Qxe1 {[%clk
00:57:10] [%emt 00:01:44]} 22. Raxe1 {[%clk 00:32:34] [%emt 00:00:08]} 22...
Re3 {[%clk 00:57:17] [%emt 00:00:23]} 23. N4g3 {[%clk 00:30:40] [%emt
00:02:23]} 23... Bf3+ {[%clk 00:57:19] [%emt 00:00:30]} 0-1

[Event "ODJM C 2023"]
[Site "Willingen GER"]
[Date "2023.05.28"]
[Round "1"]
[White "Ensslen, Jakob"]
[Black "Grunert, Greta"]
[Result "1-0"]
[Termination "normal"]
[Board "16"]
[WhiteElo "1298"]
[BlackElo "1100"]
[WhiteClock "00:53:08"]
[BlackClock "00:43:32"]
[PlyCount "57"]
[WhiteFideId "34640258"]
[BlackFideId "16258649"]
[EventCountry "GER"]
[EventRounds "9"]
[EventType "swiss"]
[EventDate "2023.05.27"]

1. e4 {[%clk 01:30:52] [%emt 00:00:08]} 1... c6 {[%clk 01:30:50] [%emt
00:00:10]} 2. d4 {[%clk 01:31:11] [%emt 00:00:11]} 2... d5 {[%clk 01:31:10]
[%emt 00:00:10]} 3. Nc3 {[%clk 01:31:33] [%emt 00:00:08]} 3... dxe4 {[%clk
01:31:24] [%emt 00:00:16]} 4. Nxe4 {[%clk 01:31:55] [%emt 00:00:08]} 4... Bf5
{[%clk 01:31:46] [%emt 00:00:09]} 5. Ng3 {[%clk 01:31:29] [%emt 00:00:56]} 5...
Bg6 {[%clk 01:31:55] [%emt 00:00:21]} 6. Nf3 {[%clk 01:30:48] [%emt 00:01:11]}
6... e6 {[%clk 01:30:36] [%emt 00:01:48]} 7. Bd3 {[%clk 01:30:09] [%emt
00:01:10]} 7... Bd6 {[%clk 01:29:12] [%emt 00:01:42]} 8. b3 {[%clk 01:27:03]
[%emt 00:03:49]} 8... Nf6 {[%clk 01:25:42] [%emt 00:04:00]} 9. Bb2 {[%clk
01:25:36] [%emt 00:01:57]} 9... O-O {[%clk 01:24:13] [%emt 00:01:58]} 10. Qd2
{[%clk 01:23:57] [%emt 00:02:10]} 10... Qc7 {[%clk 01:20:54] [%emt 00:03:46]}
11. Ne2 {[%clk 01:20:47] [%emt 00:03:43]} 11... Nbd7 {[%clk 01:16:32] [%emt
00:04:50]} 12. O-O-O {[%clk 01:20:27] [%emt 00:00:52]} 12... Bh5 {[%clk
01:14:04] [%emt 00:02:57]} 13. Kb1 {[%clk 01:17:26] [%emt 00:03:32]} 13... Bxf3
{[%clk 01:13:07] [%emt 00:01:27]} 14. gxf3 {[%clk 01:17:45] [%emt 00:00:12]}
14... Bxh2 {[%clk 01:11:11] [%emt 00:02:25]} 15. Bxh7+ {[%clk 01:05:47] [%emt
00:12:27]} 15... Nxh7 {[%clk 01:09:51] [%emt 00:01:49]} 16. f4 {[%clk 01:06:07]
[%emt 00:00:12]} 16... Bxf4 {[%clk 01:09:01] [%emt 00:01:20]} 17. Nxf4 {[%clk
01:06:23] [%emt 00:00:14]} 17... Ndf6 {[%clk 01:08:49] [%emt 00:00:42]} 18.
Rdg1 {[%clk 01:02:36] [%emt 00:04:17]} 18... Rfd8 {[%clk 01:00:38] [%emt
00:08:39]} 19. Nh5 {[%clk 00:58:45] [%emt 00:04:24]} 19... Ne8 {[%clk 01:00:19]
[%emt 00:00:49]} 20. Nxg7 {[%clk 00:54:16] [%emt 00:04:58]} 20... Nxg7 {[%clk
00:59:54] [%emt 00:00:55]} 21. Qh6 {[%clk 00:53:48] [%emt 00:00:58]} 21... f5
{[%clk 00:45:15] [%emt 00:15:06]} 22. Qxh7+ {[%clk 00:53:49] [%emt 00:00:32]}
22... Kf8 {[%clk 00:44:54] [%emt 00:00:50]} 23. Qh8+ {[%clk 00:53:26] [%emt
00:00:54]} 23... Ke7 {[%clk 00:44:53] [%emt 00:00:25]} 24. Qxg7+ {[%clk
00:53:38] [%emt 00:00:24]} 24... Kd6 {[%clk 00:45:05] [%emt 00:00:12]} 25. Ba3+
{[%clk 00:53:52] [%emt 00:00:23]} 25... c5 {[%clk 00:43:22] [%emt 00:02:13]}
26. Qe5+ {[%clk 00:52:17] [%emt 00:02:05]} 26... Kc6 {[%clk 00:43:30] [%emt
00:00:16]} 27. Qxc5+ {[%clk 00:52:31] [%emt 00:00:21]} 27... Kd7 {[%clk
00:43:17] [%emt 00:00:43]} 28. Rh7+ {[%clk 00:52:45] [%emt 00:00:16]} 28... Ke8
{[%clk 00:43:32] [%emt 00:00:11]} 29. Rg8# {[%clk 00:53:08] [%emt 00:00:10]}
1-0

[Event "ODJM C 2023"]
[Site "Willingen GER"]
[Date "2023.05.28"]
[Round "1"]
[White "Moissl, Felix"]
[Black "Lola, Ioanna-Maria"]
[Result "1-0"]
[Termination "normal"]
[Board "18"]
[WhiteElo "1390"]
[BlackElo "1024"]
[WhiteClock "00:51:11"]
[BlackClock "00:22:11"]
[PlyCount "95"]
[WhiteFideId "34623574"]
[BlackFideId "34620397"]
[EventCountry "GER"]
[EventRounds "9"]
[EventType "swiss"]
[EventDate "2023.05.27"]

1. e4 {[%clk 01:30:59]} 1... e5 {[%clk 01:30:52] [%emt 00:00:08]} 2. Nf3 {[%clk
01:31:20] [%emt 00:00:08]} 2... Nc6 {[%clk 01:31:06] [%emt 00:00:15]} 3. d4
{[%clk 01:31:44] [%emt 00:00:07]} 3... d6 {[%clk 01:28:28] [%emt 00:03:08]} 4.
dxe5 {[%clk 01:30:38] [%emt 00:01:37]} 4... dxe5 {[%clk 01:26:22] [%emt
00:02:36]} 5. Qxd8+ {[%clk 01:30:14] [%emt 00:00:55]} 5... Kxd8 {[%clk
01:26:30] [%emt 00:00:21]} 6. Bc4 {[%clk 01:29:39] [%emt 00:01:05]} 6... f6
{[%clk 01:24:14] [%emt 00:02:46]} 7. O-O {[%clk 01:27:42] [%emt 00:02:27]} 7...
Bc5 {[%clk 01:21:09] [%emt 00:03:34]} 8. Be3 {[%clk 01:24:04] [%emt 00:04:10]}
8... Bxe3 {[%clk 01:19:00] [%emt 00:02:38]} 9. fxe3 {[%clk 01:24:17] [%emt
00:00:18]} 9... Ke7 {[%clk 01:17:51] [%emt 00:01:39]} 10. Nc3 {[%emt 00:01:56]}
10... Na5 {[%clk 01:13:29] [%emt 00:04:50]} 11. Bb3 {[%clk 01:18:53] [%emt
00:04:30]} 11... Nxb3 {[%clk 01:12:24] [%emt 00:01:34]} 12. axb3 {[%clk
01:19:14] [%emt 00:00:10]} 12... c6 {[%clk 01:09:31] [%emt 00:03:22]} 13. Rfd1
{[%clk 01:17:27] [%emt 00:02:17]} 13... Be6 {[%clk 01:08:11] [%emt 00:01:49]}
14. b4 {[%clk 01:14:28] [%emt 00:03:30]} 14... Nh6 {[%clk 01:06:06] [%emt
00:02:34]} 15. b5 {[%clk 01:13:51] [%emt 00:01:09]} 15... Bd7 {[%clk 00:59:25]
[%emt 00:07:09]} 16. bxc6 {[%clk 01:12:14] [%emt 00:02:08]} 16... Bxc6 {[%clk
00:57:59] [%emt 00:01:56]} 17. Rd2 {[%clk 01:10:28] [%emt 00:02:16]} 17... Rhd8
{[%clk 00:54:23] [%emt 00:04:04]} 18. Rad1 {[%clk 01:09:21] [%emt 00:01:38]}
18... Rxd2 {[%clk 00:53:40] [%emt 00:01:13]} 19. Rxd2 {[%clk 01:09:33] [%emt
00:00:18]} 19... Rd8 {[%clk 00:51:37] [%emt 00:02:33]} 20. Kf2 {[%clk 01:07:29]
[%emt 00:02:34]} 20... Rxd2+ {[%clk 00:51:05] [%emt 00:01:02]} 21. Nxd2 {[%clk
01:07:29] [%emt 00:00:31]} 21... Ng4+ {[%clk 00:49:23] [%emt 00:02:11]} 22. Kf3
{[%clk 01:05:10] [%emt 00:02:50]} 22... Bd7 {[%clk 00:47:05] [%emt 00:02:47]}
23. h3 {[%clk 01:03:24] [%emt 00:02:17]} 23... Nh6 {[%clk 00:46:19] [%emt
00:01:16]} 24. Nc4 {[%clk 01:02:42] [%emt 00:01:13]} 24... Nf7 {[%clk 00:44:48]
[%emt 00:02:00]} 25. Nd5+ {[%clk 01:01:25] [%emt 00:01:48]} 25... Kd8 {[%clk
00:44:22] [%emt 00:00:56]} 26. h4 {[%clk 00:59:49] [%emt 00:02:06]} 26... h6
{[%clk 00:38:07] [%emt 00:06:44]} 27. Ke2 {[%clk 00:59:05] [%emt 00:01:15]}
27... Bg4+ {[%clk 00:37:31] [%emt 00:01:05]} 28. Kd3 {[%clk 00:58:18] [%emt
00:01:17]} 28... Kd7 {[%clk 00:37:10] [%emt 00:00:51]} 29. Kc3 {[%clk 00:55:10]
[%emt 00:03:39]} 29... Nd6 {[%clk 00:36:22] [%emt 00:01:17]} 30. Nd2 {[%clk
00:54:42] [%emt 00:00:59]} 30... h5 {[%clk 00:34:14] [%emt 00:02:38]} 31. Kd3
{[%clk 00:53:29] [%emt 00:01:43]} 31... g6 {[%clk 00:31:33] [%emt 00:03:10]}
32. Nxf6+ {[%clk 00:53:30] [%emt 00:00:30]} 32... Ke6 {[%clk 00:31:02] [%emt
00:01:01]} 33. Nxg4 {[%clk 00:53:29] [%emt 00:00:31]} 33... hxg4 {[%clk
00:31:04] [%emt 00:00:28]} 34. Nc4 {[%clk 00:53:20] [%emt 00:00:39]} 34... Nb5
{[%clk 00:27:03] [%emt 00:04:32]} 35. Na5 {[%clk 00:52:36] [%emt 00:01:14]}
35... b6 {[%clk 00:26:52] [%emt 00:00:41]} 36. Nb3 {[%clk 00:51:17] [%emt
00:01:48]} 36... a5 {[%clk 00:26:21] [%emt 00:01:01]} 37. c4 {[%clk 00:51:18]
[%emt 00:00:28]} 37... a4 {[%clk 00:24:42] [%emt 00:02:09]} 38. Nc5+ {[%clk
00:49:10] [%emt 00:02:38]} 38... bxc5 {[%clk 00:24:43] [%emt 00:00:29]} 39.
cxb5 {[%clk 00:48:59] [%emt 00:00:41]} 39... Kd7 {[%clk 00:23:13] [%emt
00:01:59]} 40. Kc4 {[%clk 00:48:28] [%emt 00:01:03]} 40... Kd6 {[%clk 00:23:16]
[%emt 00:00:26]} 41. g3 {[%clk 00:48:50] [%emt 00:00:09]} 41... Ke6 {[%clk
00:21:50] [%emt 00:01:56]} 42. Kxc5 {[%clk 00:49:09] [%emt 00:00:11]} 42... Kf6
{[%clk 00:21:53] [%emt 00:00:27]} 43. b6 {[%clk 00:49:30] [%emt 00:00:10]}
43... g5 {[%clk 00:22:09] [%emt 00:00:13]} 44. b7 {[%clk 00:49:50] [%emt
00:00:10]} 44... gxh4 {[%clk 00:22:21] [%emt 00:00:18]} 45. gxh4 {[%clk
00:50:13] [%emt 00:00:08]} 45... g3 {[%clk 00:22:32] [%emt 00:00:19]} 46. b8=Q
{[%clk 00:50:35] [%emt 00:00:08]} 46... g2 {[%clk 00:22:53] [%emt 00:00:09]}
47. Qg8 {[%clk 00:50:54] [%emt 00:00:11]} 47... Ke7 {[%clk 00:22:11] [%emt
00:01:12]} 48. Qxg2 {[%clk 00:51:11] [%emt 00:00:13]} 1-0

[Event "ODJM C 2023"]
[Site "Willingen GER"]
[Date "2023.05.28"]
[Round "1"]
[White "Funke, Max"]
[Black "Löffelholz, Simon"]
[Result "0-1"]
[Termination "normal"]
[Board "19"]
[WhiteElo "1031"]
[BlackElo "1264"]
[WhiteClock "00:30:05"]
[BlackClock "01:20:38"]
[PlyCount "92"]
[WhiteFideId "34628681"]
[BlackFideId "34623620"]
[EventCountry "GER"]
[EventRounds "9"]
[EventType "swiss"]
[EventDate "2023.05.27"]

1. e4 {[%clk 01:30:56] [%emt 00:00:02]} 1... c6 {[%clk 01:30:54] [%emt
00:00:08]} 2. Nc3 {[%clk 01:30:27] [%emt 00:00:59]} 2... d5 {[%clk 01:31:10]
[%emt 00:00:14]} 3. exd5 {[%clk 01:29:47] [%emt 00:01:09]} 3... cxd5 {[%clk
01:31:21] [%emt 00:00:20]} 4. d4 {[%clk 01:29:53] [%emt 00:00:22]} 4... Bf5
{[%clk 01:31:11] [%emt 00:00:42]} 5. Nf3 {[%clk 01:29:04] [%emt 00:01:20]} 5...
Nf6 {[%clk 01:28:40] [%emt 00:03:01]} 6. Bf4 {[%clk 01:28:48] [%emt 00:00:45]}
6... a6 {[%clk 01:28:25] [%emt 00:00:45]} 7. Bd3 {[%clk 01:28:06] [%emt
00:01:12]} 7... Bxd3 {[%clk 01:27:14] [%emt 00:01:41]} 8. Qxd3 {[%clk 01:27:55]
[%emt 00:00:40]} 8... Nc6 {[%clk 01:25:51] [%emt 00:01:55]} 9. O-O-O {[%clk
01:24:56] [%emt 00:03:28]} 9... e6 {[%clk 01:22:44] [%emt 00:03:37]} 10. a3
{[%clk 01:23:52] [%emt 00:01:35]} 10... Bd6 {[%clk 01:22:14] [%emt 00:01:00]}
11. Bxd6 {[%clk 01:22:15] [%emt 00:02:05]} 11... Qxd6 {[%clk 01:22:04] [%emt
00:00:41]} 12. Rhe1 {[%clk 01:21:35] [%emt 00:01:10]} 12... Ng4 {[%clk
01:20:38] [%emt 00:01:54]} 13. Rd2 {[%clk 01:16:37] [%emt 00:05:28]} 13... Nxh2
{[%clk 01:16:34] [%emt 00:04:37]} 14. Nxd5 {[%clk 01:11:20] [%emt 00:05:45]}
14... Qxd5 {[%clk 01:12:57] [%emt 00:04:08]} 15. Nxh2 {[%clk 01:08:49] [%emt
00:03:00]} 15... Rc8 {[%clk 01:07:20] [%emt 00:06:08]} 16. Nf3 {[%clk 01:04:37]
[%emt 00:04:42]} 16... b5 {[%clk 01:06:50] [%emt 00:00:57]} 17. c3 {[%clk
00:56:28] [%emt 00:08:41]} 17... b4 {[%clk 01:06:05] [%emt 00:01:14]} 18. axb4
{[%clk 00:50:35] [%emt 00:06:24]} 18... Nxb4 {[%clk 01:05:35] [%emt 00:01:01]}
19. Qe3 {[%clk 00:43:08] [%emt 00:07:52]} 19... Qa2 {[%clk 01:04:49] [%emt
00:01:21]} 20. Kd1 {[%clk 00:43:15] [%emt 00:00:18]} 20... Qb3+ {[%clk
01:00:50] [%emt 00:04:33]} 21. Ke2 {[%emt 00:01:00]} 21... Nc2 {[%emt
00:01:29]} 22. Qd3 {[%clk 00:37:02] [%emt 00:04:14]} 22... Nxe1 {[%clk
00:59:56] [%emt 00:01:25]} 23. Qxa6 {[%clk 00:31:37] [%emt 00:05:52]} 23...
Qc4+ {[%clk 00:57:35] [%emt 00:02:52]} 24. Qxc4 {[%emt 00:00:49]} 24... Rxc4
{[%emt 00:00:25]} 25. Kxe1 {[%clk 00:30:53]} 25... Ke7 {[%clk 00:57:49] [%emt
00:00:17]} 26. Ne5 {[%clk 00:28:16] [%emt 00:01:00]} 26... Ra4 {[%clk 00:57:51]
[%emt 00:02:33]} 27. Nc6+ {[%clk 00:26:56] [%emt 00:00:42]} 27... Kf6 {[%clk
00:58:20]} 28. g3 {[%clk 00:20:49] [%emt 00:07:51]} 28... h5 {[%clk 00:55:44]
[%emt 00:03:05]} 29. Ne5 {[%clk 00:15:36] [%emt 00:05:20]} 29... h4 {[%clk
00:53:54] [%emt 00:02:43]} 30. gxh4 {[%emt 00:02:26]} 30... Rxh4 {[%emt
00:00:41]} 31. Nd7+ {[%emt 00:01:08]} 31... Kf5 {[%emt 00:01:01]} 32. Nc5
{[%clk 00:10:13] [%emt 00:00:33]} 32... Rh1+ {[%clk 00:51:08] [%emt 00:03:20]}
33. Ke2 {[%clk 00:07:20] [%emt 00:00:30]} 33... Ra2 {[%clk 00:51:02] [%emt
00:03:28]} 34. Kd3 {[%clk 00:06:03] [%emt 00:01:47]} 34... Raa1 {[%clk
00:50:10] [%emt 00:01:23]} 35. Nb3 {[%clk 00:05:08] [%emt 00:01:20]} 35... Rad1
{[%emt 00:01:00]} 36. Kc2 {[%clk 00:03:30] [%emt 00:00:10]} 36... Rxd2+ {[%clk
00:49:58] [%emt 00:02:14]} 37. Kxd2 {[%clk 00:03:27] [%emt 00:00:19]} 37... Rb1
{[%clk 00:50:05] [%emt 00:00:33]} 38. Kc2 {[%clk 00:01:50] [%emt 00:01:50]}
38... Rf1 {[%clk 00:50:26] [%emt 00:00:30]} 39. c4 {[%clk 00:00:53] [%emt
00:01:19]} 39... Rxf2+ {[%clk 00:50:48] [%emt 00:00:16]} 40. Kc3 {[%clk
00:01:02] [%emt 00:00:20]} 40... Kf6 {[%clk 00:50:25] [%emt 00:00:54]} 41. c5
{[%clk 00:01:04] [%emt 00:00:17]} 41... Ke7 {[%clk 00:50:47] [%emt 00:00:21]}
42. Kc4 {[%clk 00:01:19] [%emt 00:00:13]} 42... Rxb2 {[%clk 00:50:50] [%emt
00:00:28]} 43. Na5 {[%clk 00:01:16] [%emt 00:00:29]} 43... g5 {[%clk 00:51:09]
[%emt 00:00:15]} 44. c6 {[%clk 00:00:39] [%emt 00:00:10]} 44... g4 {[%clk
00:50:46] [%emt 00:01:49]} 45. Kc5 {[%clk 00:00:35] [%emt 00:00:25]} 45... g3
{[%clk 00:50:24] [%emt 00:01:01]} 46. c7 {[%clk 00:30:05] [%emt 00:00:45]}
46... Kd7 {[%clk 01:20:38] [%emt 00:00:31]} 0-1

[Event "ODJM C 2023"]
[Site "Willingen GER"]
[Date "2023.05.28"]
[Round "1"]
[White "Hasselmann, Isabelle Sophia"]
[Black "Rafikov, Artur"]
[Result "1-0"]
[Termination "normal"]
[Board "20"]
[WhiteElo "1110"]
[BlackElo "1025"]
[WhiteClock "01:27:43"]
[BlackClock "00:49:56"]
[PlyCount "61"]
[WhiteFideId "16266951"]
[BlackFideId "34642676"]
[EventCountry "GER"]
[EventRounds "9"]
[EventType "swiss"]
[EventDate "2023.05.27"]

1. e4 {[%clk 01:30:58] [%emt 00:00:02]} 1... e5 {[%clk 01:30:58] [%emt
00:00:02]} 2. Bc4 {[%clk 01:31:21] [%emt 00:00:07]} 2... Nf6 {[%emt 00:00:17]}
3. d4 {[%clk 01:31:44]} 3... exd4 {[%clk 01:30:58] [%emt 00:00:49]} 4. Nf3
{[%clk 01:32:11] [%emt 00:00:04]} 4... Nxe4 {[%clk 01:30:09] [%emt 00:01:16]}
5. Qxd4 {[%clk 01:32:37] [%emt 00:00:06]} 5... Nf6 {[%clk 01:29:45] [%emt
00:00:54]} 6. Nc3 {[%clk 01:32:39] [%emt 00:00:28]} 6... Nc6 {[%clk 01:29:34]
[%emt 00:00:40]} 7. Qh4 {[%clk 01:33:04] [%emt 00:00:06]} 7... h6 {[%clk
01:28:43] [%emt 00:01:20]} 8. Bg5 {[%clk 01:32:39] [%emt 00:00:56]} 8... Be7
{[%clk 01:26:44] [%emt 00:02:28]} 9. O-O-O {[%clk 01:32:20] [%emt 00:00:51]}
9... Rh7 {[%clk 01:23:07] [%emt 00:03:55]} 10. Bxf6 {[%clk 01:32:31] [%emt
00:00:31]} 10... Bxf6 {[%clk 01:22:26] [%emt 00:01:09]} 11. Qe4+ {[%clk
01:32:45] [%emt 00:00:18]} 11... Qe7 {[%clk 01:17:58] [%emt 00:04:55]} 12. Qxh7
{[%clk 01:33:02] [%emt 00:00:16]} 12... Qf8 {[%clk 01:09:50] [%emt 00:08:37]}
13. Nd5 {[%clk 01:32:20] [%emt 00:01:12]} 13... d6 {[%clk 01:09:26] [%emt
00:00:53]} 14. Nxc7+ {[%clk 01:32:27] [%emt 00:00:25]} 14... Kd8 {[%clk
01:07:55] [%emt 00:01:59]} 15. Nxa8 {[%clk 01:32:40] [%emt 00:00:19]} 15... g6
{[%clk 01:06:18] [%emt 00:02:01]} 16. Bxf7 {[%clk 01:31:26] [%emt 00:01:49]}
16... g5 {[%clk 01:03:22] [%emt 00:03:25]} 17. Rhe1 {[%clk 01:29:37] [%emt
00:02:20]} 17... Bd7 {[%clk 01:01:03] [%emt 00:02:43]} 18. Bg6 {[%clk 01:28:37]
[%emt 00:01:36]} 18... Kc8 {[%clk 01:00:50] [%emt 00:00:44]} 19. Bf5 {[%clk
01:28:43] [%emt 00:00:23]} 19... Qd8 {[%clk 01:00:50] [%emt 00:00:27]} 20.
Bxd7+ {[%clk 01:28:51] [%emt 00:00:26]} 20... Qxd7 {[%clk 01:00:16] [%emt
00:01:01]} 21. Re8+ {[%clk 01:28:46] [%emt 00:00:38]} 21... Bd8 {[%clk
00:59:16] [%emt 00:01:28]} 22. Qh8 {[%clk 01:28:13] [%emt 00:01:05]} 22... b6
{[%clk 00:59:09] [%emt 00:00:36]} 23. Ne5 {[%clk 01:27:27] [%emt 00:01:17]}
23... Nxe5 {[%clk 00:58:32] [%emt 00:01:07]} 24. Rxe5 {[%clk 01:27:49] [%emt
00:00:08]} 24... Qf7 {[%clk 00:52:40] [%emt 00:06:21]} 25. Rxd6 {[%clk
01:27:05] [%emt 00:01:15]} 25... Kb7 {[%clk 00:50:53] [%emt 00:02:12]} 26. Qxd8
{[%clk 01:26:57] [%emt 00:00:43]} 26... Qf4+ {[%clk 00:50:04] [%emt 00:01:19]}
27. Re3 {[%clk 01:27:22] [%emt 00:00:06]} 27... Qc4 {[%clk 00:49:41] [%emt
00:00:51]} 28. Rd7+ {[%clk 01:27:27] [%emt 00:00:26]} 28... Ka6 {[%clk
00:49:39] [%emt 00:00:32]} 29. Ra3+ {[%clk 01:27:42] [%emt 00:00:16]} 29... Kb5
{[%clk 00:49:47] [%emt 00:00:20]} 30. Rd5+ {[%clk 01:28:06] [%emt 00:00:07]}
30... Kc6 {[%clk 00:49:56] [%emt 00:00:19]} 31. Qd7# {[%clk 01:27:43] [%emt
00:00:22]} 1-0